000 00506nam a2200169Ia 4500
008 090711s9999 xx 000 0 und d
082 _b10488
100 _aमाण्डवकर भाऊ
245 _aदक्षिण - दर्शन
260 _c1961
300 _a160
600 _aमाण्डवकर भाऊ
630 _aदक्षिण - दर्शन
700 _aमाण्डवकर भाऊ
730 _aदक्षिण - दर्शन
942 _cBOOK
999 _c295359
_d295359